| 000 | 00687nam a2200193 a 4500 | ||
|---|---|---|---|
| 003 | 0 | ||
| 005 | 20250218103704.0 | ||
| 008 | 110617s19uu xx 00 eng d | ||
| 050 |
_aPHS BF 697.5.S46 _b.P41 2011 |
||
| 100 | _aPerares, Stacy P. | ||
| 245 |
_aMembership in cliques and self-esteem / _cStacy P. Perares. |
||
| 260 |
_aLas PiƱas City, Philippines : _bSouthville International School and Colleges, _c2011. |
||
| 300 |
_a23 pages : _billustrations ; _c28 cm. |
||
| 504 | _aIncludes bibliographical references. | ||
| 650 | _aSelf-esteem in adolescence. | ||
| 650 |
_aCliques (Sociology) _xSocial aspects. |
||
| 650 |
_aSocial groups _xPsychological aspects. |
||
| 942 |
_2lcc _cPASS |
||
| 999 |
_c98533 _d98533 |
||